000 00366nam a2200145Ia 4500
008 230917s9999||||xx |||||||||||||| ||und||
040 _e107251
_aMAIN
041 _aEnglish
082 _a005.8 B541I
100 _aBishop, David
245 0 _aIntroduction to cryptography with Java applets
260 _aNew Delhi
_bNarosa
_c2004
300 _a370 p.
942 _cBK
999 _c123466
_d123466